K OTÁZKE VÝVOJA DEMOKRATIZMU V SLOVENSKOM NÁRODNOM HNUTÍ (1780-1848)

Bibliographic Details
Main Author: Butvin, Jozef, 1918-1991 (Author)
Format: Article
Language:Slovak

MARC

LEADER 00000nab a2200000uu 4500
001 vtls011143006
003 SK-MaSNL
005 20260303145733.0
008 230222|1968 xo |||||||||||||||||slo|
015 |a SNBRB 
035 |a (urnnbn)urn:nbn:sk:snk:ar-008fn6 
035 |a (uuid)2f551d6c-207a-4368-8ca1-cf4c62121f36 
035 |a urn:nbn:sk:snk-abaucv 
040 |a SNKBUCL  |b slo  |c SNKBUCL  |e AACR2 
041 0 |a slo 
044 |a xo  |c SK 
100 1 |a Butvin, Jozef,  |d 1918-1991  |4 aut  |9 105316 
245 1 0 |a K OTÁZKE VÝVOJA DEMOKRATIZMU V SLOVENSKOM NÁRODNOM HNUTÍ (1780-1848)  |c Jozef Butvin 
773 0 |t Zborník Filozofickej fakulty Univerzity Komenského  |g Roč. 20, č. 1 (1968), s. 49-82 
954 |a odborná, vedecká literatúra pôvodná (slovenská)  |2 lita 
958 |a OND 
958 |a EUIPO 
958 |a article14 
999 |c 2004841  |d 2006771